Teen wolf le Bestiaire des créatures - Statistiques

Statistiques générales
  • Ce quiz a été pris 250 fois
    247 depuis la dernière actualisation
  • Le résultat moyen est 10 sur 23
Statistiques - réponses
Nom de l’espèce : % Correct
1 Loup-garou
98%
3 Banshee
84%
2 Kanima
84%
9 Kitsune
69%
5 Coyote-garou
65%
23 Nogitsune
56%
17 Chimère
51%
16 La Bête du Gévaudan
48%
11 Jaguar-garou
46%
8 Chien de l'Enfer
45%
19 Chasseur
42%
12 Oni
38%
20 Druide
34%
13 Wendigo
33%
4 Cavalier Fantôme
30%
18 Médecins de l'Horreur
30%
21 Darach
27%
15 Anuk-ite
23%
7 Guerrier Fauve ou Berserker
23%
14 Le Muet
18%
10 Löwenmensch
14%
6 Garuda
10%
22 Sluagh
10%
Aucun quiz correspondant
Distribution des résultats
% des personnes avec chaque résultat
Percentile par nombre de réponses
Votre historique - résultats
Vous n’avez pas pris ce quiz depuis la dernière actualisation